Mapping compressive units to the ELA common core standards 6 – 12

Salvato in:
Dettagli Bibliografici
Autore principale: GLASS, Kathy Tuchman
Natura: Libro
Lingua:inglese
Pubblicazione: Corwin, 2013
Tags: Aggiungi Tag
Nessun Tag, puoi essere il primo ad aggiungerne!!

MARC

LEADER 00000nam a22000007a 4500
008 210528b ||||| |||| 00| 0 eng d
020 |a 978-1-4522-6862-0 
100 |a GLASS, Kathy Tuchman. 
245 |a Mapping compressive units to the ELA common core standards 6 – 12   |c Kathy Tuchman Glass.  |g xvii, 268p. ; ill. 
260 |b  Corwin,   |c 2013  |h Thousand Oaks, California:  |i 692112   |i 691122  |l LB1631 .G46  |m Language arts (Secondary) – Standards – United States.  |m Language arts – Correlation with content subjects – United States. 
500 |a “It includes references and index”. 
942 |a lcc  |c BK  |e Adeniran, F. A.  |f 28/05/2021 
952 |0 0  |1 0  |2 lcc  |4 0  |6 LB1631 G46  |7 0  |9 2505  |a HOL  |b ART  |c LP  |d 2021-05-28  |l 0  |o LB1631 .G46  |p 2021-6357  |r 2021-05-28 00:00:00  |w 2021-05-28  |y BK 
952 |0 0  |1 0  |2 lcc  |4 0  |6 LB1631 G46  |7 0  |9 2506  |a HOL  |b HOL  |c LP  |d 2021-05-28  |l 0  |o LB1631 .G46  |p 2021-6358  |r 2021-05-28 00:00:00  |w 2021-05-28  |y BK 
999 |c 1304  |d 1304